| 000 | 00836nab a2200253 u 4500 | ||
|---|---|---|---|
| 001 | 11862 | ||
| 003 | HDC | ||
| 007 | cr bn ---aaaaa | ||
| 008 | 210208c mydr|nes 0 a eng d | ||
| 040 | _aHDC | ||
| 100 |
_aGodfrey, Mark, _eauthor _912224 |
||
| 245 | 0 |
_aHalal meat opportunities indentified in China / _cby Mark Godfrey |
|
| 260 |
_a[no place] : _b[publisher not identified], _c[no year] |
||
| 336 |
_atext _2rdacontent |
||
| 337 |
_acomputer _2rdamedia |
||
| 338 |
_aonline resource _2rdacarrier |
||
| 650 |
_aHalal food _950 |
||
| 650 |
_aHalal meat _91025 |
||
| 710 | _aGlobal Meat | ||
| 856 | _zRequest full-text at [email protected] | ||
| 942 | _2lcc | ||
| 942 | _cNEWS | ||
| 942 | _kNWSO 002652 | ||
| 999 |
_c9185 _d9185 |
||